|
|
|
|
| LEADER |
03155nam a22005295i 4500 |
| 001 |
978-1-137-28498-3 |
| 003 |
DE-He213 |
| 005 |
20210625215928.0 |
| 007 |
cr nn 008mamaa |
| 008 |
151222s2012 xxk| s |||| 0|eng d |
| 020 |
|
|
|a 9781137284983
|9 978-1-137-28498-3
|
| 024 |
7 |
|
|a 10.1057/9781137284983
|2 doi
|
| 050 |
|
4 |
|a K7000-7720.22
|
| 050 |
|
4 |
|a K7073-7078
|
| 072 |
|
7 |
|a LB
|2 bicssc
|
| 072 |
|
7 |
|a LAW051000
|2 bisacsh
|
| 072 |
|
7 |
|a LB
|2 thema
|
| 072 |
|
7 |
|a LAM
|2 thema
|
| 082 |
0 |
4 |
|a 340.9
|2 23
|
| 082 |
0 |
4 |
|a 340.2
|2 23
|
| 100 |
1 |
|
|a Douglas, H.
|e author.
|4 aut
|4 http://id.loc.gov/vocabulary/relators/aut
|
| 245 |
1 |
0 |
|a Indigenous Crime and Settler Law
|h [electronic resource] :
|b White Sovereignty after Empire /
|c by H. Douglas, M. Finnane.
|
| 250 |
|
|
|a 1st ed. 2012.
|
| 264 |
|
1 |
|a London :
|b Palgrave Macmillan UK :
|b Imprint: Palgrave Macmillan,
|c 2012.
|
| 300 |
|
|
|a XVIII, 280 p.
|b online resource.
|
| 336 |
|
|
|a text
|b txt
|2 rdacontent
|
| 337 |
|
|
|a computer
|b c
|2 rdamedia
|
| 338 |
|
|
|a online resource
|b cr
|2 rdacarrier
|
| 347 |
|
|
|a text file
|b PDF
|2 rda
|
| 490 |
1 |
|
|a Palgrave Socio-Legal Studies
|
| 505 |
0 |
|
|a Introduction: Histories -- 'Troublesome Friends and Dangerous Enemies' -- Amenable to the Law -- The Exercise of Jurisdiction -- A Question of Custom -- Equality Before the Law -- Towards Formal Recognition -- 'Benign Pessimism': A National Emergency -- Conclusion: Sovereignties.
|
| 520 |
|
|
|a In a break from the contemporary focus on the law's response to inter-racial crime, Heather Douglas and Mark Finnane examine the foundations of criminal law's response to the victimization of one Indigenous person by another. Against the changing background of settler encounters with Australian Indigenous peoples, they show that the question of Indigenous amenability to imported British criminal law in Australia was not resolved in the nineteenth century and remains surprisingly open. Through a study of the policing and prosecution of Indigenous homicide, the book demonstrates how criminal law is consistently framed as the key test of sovereignty, whatever the challenges faced in effecting its jurisdiction. Drawing on a wealth of archival and case material, the authors conclude that settlers and Indigenous peoples still live in the shadow of empire, yet to reach an understanding of each other.
|
| 650 |
|
0 |
|a Private international law.
|
| 650 |
|
0 |
|a Conflict of laws.
|
| 650 |
1 |
4 |
|a Private International Law, International & Foreign Law, Comparative Law .
|0 https://scigraph.springernature.com/ontologies/product-market-codes/R14002
|
| 700 |
1 |
|
|a Finnane, M.
|e author.
|4 aut
|4 http://id.loc.gov/vocabulary/relators/aut
|
| 710 |
2 |
|
|a SpringerLink (Online service)
|
| 773 |
0 |
|
|t Springer Nature eBook
|
| 776 |
0 |
8 |
|i Printed edition:
|z 9780230316508
|
| 776 |
0 |
8 |
|i Printed edition:
|z 9781349339792
|
| 776 |
0 |
8 |
|i Printed edition:
|z 9781349339785
|
| 830 |
|
0 |
|a Palgrave Socio-Legal Studies
|
| 856 |
4 |
0 |
|u https://doi.org/10.1057/9781137284983
|
| 912 |
|
|
|a ZDB-2-PSE
|
| 912 |
|
|
|a ZDB-2-SXS
|
| 950 |
|
|
|a Palgrave Social Sciences Collection (SpringerNature-41146)
|
| 950 |
|
|
|a Social Sciences (R0) (SpringerNature-43726)
|